| 000 | 00404pab a2200145 454500 | ||
|---|---|---|---|
| 008 | 180718b1989 xxu||||| |||| 00| 0 eng d | ||
| 100 | _aJain, Anrudh K. | ||
| 245 | _aRevising the role and responsibility of the Family Welfare Programme in India | ||
| 260 | _c1989 | ||
| 300 | _a2729-37 | ||
| 362 | _a9 Dec. | ||
| 650 | _aPopulation - India | ||
| 773 | _aEconomic and Political Weekly | ||
| 909 | _a15635 | ||
| 999 |
_c15635 _d15635 |
||